Considérations sur le mariage au point de vue des lois / (Record no. 152679)
[ view plain ]
| 000 -LEADER | |
|---|---|
| campo de control de longitud fija | 00836nam a22002295i 4500 |
| 001 - NÚMERO DE CONTROL | |
| campo de control | 152679 |
| 003 - IDENTIFICADOR DE NÚMERO DE CONTROL | |
| campo de control | ES-MaACL |
| 005 - FECHA Y HORA DE LA ÚLTIMA TRANSACCIÓN | |
| campo de control | 20250929063218.0 |
| 008 - DATOS DE LONGITUD FIJA--INFORMACIÓN GENERAL | |
| campo de control de longitud fija | 051018s1877 fr | |||||||| ||fre d |
| 040 ## - FUENTE DE CATALOGACIÓN | |
| Centro catalogador/agencia de origen | CAM |
| Lengua de catalogación | spa |
| Centro/agencia transcriptor | CAM |
| 100 1# - ENTRADA PRINCIPAL--NOMBRE DE PERSONA | |
| Nombre de persona | Breda, Félix, |
| Títulos y otros términos asociados al nombre | Comte de |
| 9 (RLIN) | 126155 |
| 245 10 - MENCIÓN DEL TÍTULO | |
| Título | Considérations sur le mariage au point de vue des lois / |
| Mención de responsabilidad, etc. | par le Comte de Breda. |
| 260 ## - PUBLICACIÓN, DISTRIBUCIÓN, ETC. | |
| Lugar de publicación, distribución, etc. | Paris : |
| Nombre del editor, distribuidor, etc. | Victor Palmé ; |
| Lugar de publicación, distribución, etc. | Bruxelles : |
| Nombre del editor, distribuidor, etc. | G. Lebrocquy ; |
| Lugar de publicación, distribución, etc. | Lyon : |
| Nombre del editor, distribuidor, etc. | H. Pélagaud, |
| Fecha de publicación, distribución, etc. | 1877 ( |
| Fabricante | Imprimerie de E. Martinet) |
| 300 ## - DESCRIPCIÓN FÍSICA | |
| Extensión | XXXI, 496 p. ; |
| Dimensiones | 19 cm. |
| 650 #7 - PUNTO DE ACCESO ADICIONAL DE MATERIA--TÉRMINO DE MATERIA | |
| Término de materia o nombre geográfico como elemento de entrada | Matrimonio |
| Fuente del encabezamiento o término | embne |
| 9 (RLIN) | 14855 |
| 700 1# - ENTRADA AGREGADA--NOMBRE PERSONAL | |
| Nombre de persona | Palmé, Victor, |
| Término indicativo de función/relación | |
| 9 (RLIN) | 130805 |
| 700 1# - ENTRADA AGREGADA--NOMBRE PERSONAL | |
| Nombre de persona | Lebrocquy, G., |
| Término indicativo de función/relación | |
| 9 (RLIN) | 128809 |
| 700 1# - ENTRADA AGREGADA--NOMBRE PERSONAL | |
| Nombre de persona | Pélagaud, H., |
| Término indicativo de función/relación | |
| 9 (RLIN) | 131449 |
| 752 ## - ENTRADA AGREGADA--NOMBRE JERÁRQUICO DEL LUGAR | |
| País o entidad superior | Bélgica - |
| Ciudad | Bruselas |
| 852 ## - LOCALIZACIÓN | |
| Ubicación | ES-MaACL |
| Número de control de estantería | C-670 |
| Nota libre | -- Enc. hol. |
| Estatus retirado | Estado de pérdida | Estado de daño | No para préstamo | Colección | Biblioteca de origen | Biblioteca actual | Ubicación en estantería | Fecha de adquisición | Fuente de adquisición | Total de préstamos | Signatura topográfica completa | Código de barras | Visto por última vez | Precio de reemplazo | Tipo de ítem Koha |
|---|---|---|---|---|---|---|---|---|---|---|---|---|---|---|---|
| Libros del s. XIX | Biblioteca del Ateneo de Madrid | Biblioteca del Ateneo de Madrid | Sala Palomar | 17/01/2008 | C-670 | 1159447 | 23/02/2023 | 23/02/2023 | Libro impreso antiguo |
